00378 2200157 4500001002100000005001500021035002000036245003900056100001500095300002600110260002800136082000800164084001400172020002200186990001200208INLIS00000000000298420250918071214 a0010-09250003311 aEngkau Yang Terindah /cNindi Elis0 aNindi Elis a266 hlm ;c13 x 19 cm aJakarta :bZettu,c2014 a813 a813 NIN e a978-602-1298-06-0 a0755649